<?xml version="1.0" encoding="UTF-8"?>
<collection xmlns="http://www.loc.gov/MARC21/slim">
 <record>
  <leader>15594nas a22014891  4500</leader>
  <controlfield tag="001">1/50300</controlfield>
  <controlfield tag="008">020610c19859999gr mrzp           g0gre d</controlfield>
  <datafield tag="022" ind1=" " ind2=" ">
   <subfield code="a">1106-0492</subfield>
  </datafield>
  <datafield tag="035" ind1=" " ind2=" ">
   <subfield code="l">23810</subfield>
  </datafield>
  <datafield tag="040" ind1=" " ind2=" ">
   <subfield code="a">GR-PeUP</subfield>
  </datafield>
  <datafield tag="090" ind1=" " ind2=" ">
   <subfield code="a">Αλφαβητική σειρά</subfield>
  </datafield>
  <datafield tag="245" ind1="0" ind2="0">
   <subfield code="a">Δημόσιος Τομέας :</subfield>
   <subfield code="b">μηνιαίο οικονομικό περιοδικό για το δημόσιο τομέα</subfield>
  </datafield>
  <datafield tag="260" ind1=" " ind2=" ">
   <subfield code="a">Αθήνα :</subfield>
   <subfield code="b">Εκδοτική Α.Ε.Ε.Β.Ε.,</subfield>
   <subfield code="c">1985-</subfield>
  </datafield>
  <datafield tag="300" ind1=" " ind2=" ">
   <subfield code="a">τ. :</subfield>
   <subfield code="b">εικ. ;</subfield>
   <subfield code="c">28 εκ.</subfield>
  </datafield>
  <datafield tag="310" ind1=" " ind2=" ">
   <subfield code="a">Μηνιαίο</subfield>
  </datafield>
  <datafield tag="362" ind1="0" ind2=" ">
   <subfield code="a">Τχ. 1 (Ιαν. 1985) - τχ. 202 (Δεκ. 2003)</subfield>
  </datafield>
  <datafield tag="362" ind1="0" ind2=" ">
   <subfield code="a">Τχ. 203 (Ιαν. 2004)-</subfield>
  </datafield>
  <datafield tag="546" ind1=" " ind2=" ">
   <subfield code="a">Ελληνική</subfield>
  </datafield>
  <datafield tag="650" ind1=" " ind2="4">
   <subfield code="a">Δημόσια Διοίκηση</subfield>
   <subfield code="v">Περιοδικά.</subfield>
  </datafield>
  <datafield tag="852" ind1=" " ind2=" ">
   <subfield code="a">INST</subfield>
   <subfield code="b">UNIPILB</subfield>
   <subfield code="c">SERIALS</subfield>
   <subfield code="e">20050121</subfield>
   <subfield code="h">Αλφαβητική σειρά</subfield>
   <subfield code="p">39172</subfield>
   <subfield code="q">39172</subfield>
   <subfield code="t">NOLOAN</subfield>
   <subfield code="v">τεύχ.203:(Μήνας)Ιανουάριος;(Έτος)2004</subfield>
   <subfield code="y">23</subfield>
  </datafield>
  <datafield tag="852" ind1=" " ind2=" ">
   <subfield code="a">INST</subfield>
   <subfield code="b">UNIPILB</subfield>
   <subfield code="c">SERIALS</subfield>
   <subfield code="e">20050121</subfield>
   <subfield code="h">Αλφαβητική σειρά</subfield>
   <subfield code="p">39173</subfield>
   <subfield code="q">39173</subfield>
   <subfield code="t">NOLOAN</subfield>
   <subfield code="v">τεύχ.204:(Μήνας)Φεβρουάριος;(Έτος)2004</subfield>
   <subfield code="y">23</subfield>
  </datafield>
  <datafield tag="852" ind1=" " ind2=" ">
   <subfield code="a">INST</subfield>
   <subfield code="b">UNIPILB</subfield>
   <subfield code="c">SERIALS</subfield>
   <subfield code="e">20050121</subfield>
   <subfield code="h">Αλφαβητική σειρά</subfield>
   <subfield code="p">39174</subfield>
   <subfield code="q">39174</subfield>
   <subfield code="t">NOLOAN</subfield>
   <subfield code="v">τεύχ.205:(Μήνας)Μάρτιος;(Έτος)2004</subfield>
   <subfield code="y">23</subfield>
  </datafield>
  <datafield tag="852" ind1=" " ind2=" ">
   <subfield code="a">INST</subfield>
   <subfield code="b">UNIPILB</subfield>
   <subfield code="c">SERIALS</subfield>
   <subfield code="e">20050121</subfield>
   <subfield code="h">Αλφαβητική σειρά</subfield>
   <subfield code="p">39175</subfield>
   <subfield code="q">39175</subfield>
   <subfield code="t">NOLOAN</subfield>
   <subfield code="v">τεύχ.206:(Μήνας)Απρίλιος;(Έτος)2004</subfield>
   <subfield code="y">23</subfield>
  </datafield>
  <datafield tag="852" ind1=" " ind2=" ">
   <subfield code="a">INST</subfield>
   <subfield code="b">UNIPILB</subfield>
   <subfield code="c">SERIALS</subfield>
   <subfield code="e">20050121</subfield>
   <subfield code="h">Αλφαβητική σειρά</subfield>
   <subfield code="p">39176</subfield>
   <subfield code="q">39176</subfield>
   <subfield code="t">NOLOAN</subfield>
   <subfield code="v">τεύχ.207:(Μήνας)Μάιος;(Έτος)2004</subfield>
   <subfield code="y">23</subfield>
  </datafield>
  <datafield tag="852" ind1=" " ind2=" ">
   <subfield code="a">INST</subfield>
   <subfield code="b">UNIPILB</subfield>
   <subfield code="c">SERIALS</subfield>
   <subfield code="e">20050121</subfield>
   <subfield code="h">Αλφαβητική σειρά</subfield>
   <subfield code="p">39177</subfield>
   <subfield code="q">39177</subfield>
   <subfield code="t">NOLOAN</subfield>
   <subfield code="v">τεύχ.208:(Μήνας)Ιούνιος;(Έτος)2004</subfield>
   <subfield code="y">23</subfield>
  </datafield>
  <datafield tag="852" ind1=" " ind2=" ">
   <subfield code="a">INST</subfield>
   <subfield code="b">UNIPILB</subfield>
   <subfield code="c">SERIALS</subfield>
   <subfield code="e">20050121</subfield>
   <subfield code="h">Αλφαβητική σειρά</subfield>
   <subfield code="p">39178</subfield>
   <subfield code="q">39178</subfield>
   <subfield code="t">NOLOAN</subfield>
   <subfield code="v">τεύχ.209:(Μήνες)Ιούλ./Αύγ.;(Έτος)2004</subfield>
   <subfield code="y">23</subfield>
  </datafield>
  <datafield tag="852" ind1=" " ind2=" ">
   <subfield code="a">INST</subfield>
   <subfield code="b">UNIPILB</subfield>
   <subfield code="c">SERIALS</subfield>
   <subfield code="e">20050121</subfield>
   <subfield code="h">Αλφαβητική σειρά</subfield>
   <subfield code="p">39179</subfield>
   <subfield code="q">39179</subfield>
   <subfield code="t">NOLOAN</subfield>
   <subfield code="v">τεύχ.210:(Μήνας)Σεπτέμβριος;(Έτος)2004</subfield>
   <subfield code="y">23</subfield>
  </datafield>
  <datafield tag="852" ind1=" " ind2=" ">
   <subfield code="a">INST</subfield>
   <subfield code="b">UNIPILB</subfield>
   <subfield code="c">SERIALS</subfield>
   <subfield code="e">20050203</subfield>
   <subfield code="h">Αλφαβητική σειρά</subfield>
   <subfield code="p">39514</subfield>
   <subfield code="q">39514</subfield>
   <subfield code="t">NOLOAN</subfield>
   <subfield code="v">τεύχ.213:(Μήνας)Δεκέμβριος;(Έτος)2004</subfield>
   <subfield code="y">23</subfield>
  </datafield>
  <datafield tag="852" ind1=" " ind2=" ">
   <subfield code="a">INST</subfield>
   <subfield code="b">UNIPILB</subfield>
   <subfield code="c">SERIALS</subfield>
   <subfield code="e">20050607</subfield>
   <subfield code="h">Αλφαβητική σειρά</subfield>
   <subfield code="p">43731</subfield>
   <subfield code="q">43731</subfield>
   <subfield code="t">NOLOAN</subfield>
   <subfield code="v">τεύχ.217:(Μήνας)Απρίλιος;(Έτος)2005</subfield>
   <subfield code="y">23</subfield>
  </datafield>
  <datafield tag="852" ind1=" " ind2=" ">
   <subfield code="a">INST</subfield>
   <subfield code="b">UNIPILB</subfield>
   <subfield code="c">SERIALS</subfield>
   <subfield code="e">20051003</subfield>
   <subfield code="h">Αλφαβητική σειρά</subfield>
   <subfield code="p">47203</subfield>
   <subfield code="q">47203</subfield>
   <subfield code="t">NOLOAN</subfield>
   <subfield code="v">τεύχ.220:(Μήνες)Ιούλ./Αύγ.;(Έτος)2005</subfield>
   <subfield code="y">23</subfield>
  </datafield>
  <datafield tag="852" ind1=" " ind2=" ">
   <subfield code="a">INST</subfield>
   <subfield code="b">UNIPILB</subfield>
   <subfield code="c">SERIALS</subfield>
   <subfield code="e">20051026</subfield>
   <subfield code="h">Αλφαβητική σειρά</subfield>
   <subfield code="p">47964</subfield>
   <subfield code="q">47964</subfield>
   <subfield code="t">NOLOAN</subfield>
   <subfield code="v">τεύχ.221:(Μήνας)Σεπτέμβριος;(Έτος)2005</subfield>
   <subfield code="y">23</subfield>
  </datafield>
  <datafield tag="852" ind1=" " ind2=" ">
   <subfield code="a">INST</subfield>
   <subfield code="b">UNIPILB</subfield>
   <subfield code="c">SERIALS</subfield>
   <subfield code="e">20051205</subfield>
   <subfield code="h">Αλφαβητική σειρά</subfield>
   <subfield code="p">48946</subfield>
   <subfield code="q">48946</subfield>
   <subfield code="t">NOLOAN</subfield>
   <subfield code="v">τεύχ.222:(Μήνας)Οκτώβριος;(Έτος)2005</subfield>
   <subfield code="y">23</subfield>
  </datafield>
  <datafield tag="852" ind1=" " ind2=" ">
   <subfield code="a">INST</subfield>
   <subfield code="b">UNIPILB</subfield>
   <subfield code="c">SERIALS</subfield>
   <subfield code="e">20060110</subfield>
   <subfield code="h">Αλφαβητική σειρά</subfield>
   <subfield code="p">49331</subfield>
   <subfield code="q">49331</subfield>
   <subfield code="t">NOLOAN</subfield>
   <subfield code="v">τεύχ.223:(Μήνας)Νοέμβριος;(Έτος)2005</subfield>
   <subfield code="y">23</subfield>
  </datafield>
  <datafield tag="852" ind1=" " ind2=" ">
   <subfield code="a">INST</subfield>
   <subfield code="b">UNIPILB</subfield>
   <subfield code="c">SERIALS</subfield>
   <subfield code="e">20060208</subfield>
   <subfield code="h">Αλφαβητική σειρά</subfield>
   <subfield code="p">50087</subfield>
   <subfield code="q">50087</subfield>
   <subfield code="t">NOLOAN</subfield>
   <subfield code="v">τεύχ.224:(Μήνας)Δεκέμβριος;(Έτος)2005</subfield>
   <subfield code="y">23</subfield>
  </datafield>
  <datafield tag="852" ind1=" " ind2=" ">
   <subfield code="a">INST</subfield>
   <subfield code="b">UNIPILB</subfield>
   <subfield code="c">SERIALS</subfield>
   <subfield code="e">20060301</subfield>
   <subfield code="h">Αλφαβητική σειρά</subfield>
   <subfield code="p">50642</subfield>
   <subfield code="q">50642</subfield>
   <subfield code="t">NOLOAN</subfield>
   <subfield code="v">τεύχ.225:(Μήνας)Ιανουάριος;(Έτος)2006</subfield>
   <subfield code="y">23</subfield>
  </datafield>
  <datafield tag="852" ind1=" " ind2=" ">
   <subfield code="a">INST</subfield>
   <subfield code="b">UNIPILB</subfield>
   <subfield code="c">SERIALS</subfield>
   <subfield code="e">20060329</subfield>
   <subfield code="h">Αλφαβητική σειρά</subfield>
   <subfield code="p">51023</subfield>
   <subfield code="q">51023</subfield>
   <subfield code="t">NOLOAN</subfield>
   <subfield code="v">τεύχ.226:(Μήνας)Φεβρουάριος;(Έτος)2006</subfield>
   <subfield code="y">23</subfield>
  </datafield>
  <datafield tag="852" ind1=" " ind2=" ">
   <subfield code="a">INST</subfield>
   <subfield code="b">UNIPILB</subfield>
   <subfield code="c">SERIALS</subfield>
   <subfield code="e">20060515</subfield>
   <subfield code="h">Αλφαβητική σειρά</subfield>
   <subfield code="p">51438</subfield>
   <subfield code="q">51438</subfield>
   <subfield code="t">NOLOAN</subfield>
   <subfield code="v">τεύχ.227:(Μήνας)Μάρτιος;(Έτος)2006</subfield>
   <subfield code="y">23</subfield>
  </datafield>
  <datafield tag="852" ind1=" " ind2=" ">
   <subfield code="a">INST</subfield>
   <subfield code="b">UNIPILB</subfield>
   <subfield code="c">SERIALS</subfield>
   <subfield code="e">20060704</subfield>
   <subfield code="h">Αλφαβητική σειρά</subfield>
   <subfield code="p">51748</subfield>
   <subfield code="q">51748</subfield>
   <subfield code="t">NOLOAN</subfield>
   <subfield code="v">τεύχ.228:(Μήνας)Απρίλιος;(Έτος)2006</subfield>
   <subfield code="y">23</subfield>
  </datafield>
  <datafield tag="852" ind1=" " ind2=" ">
   <subfield code="a">INST</subfield>
   <subfield code="b">UNIPILB</subfield>
   <subfield code="c">SERIALS</subfield>
   <subfield code="e">20060705</subfield>
   <subfield code="h">Αλφαβητική σειρά</subfield>
   <subfield code="p">51786</subfield>
   <subfield code="q">51786</subfield>
   <subfield code="t">NOLOAN</subfield>
   <subfield code="v">τεύχ.229:(Μήνας)Μάιος;(Έτος)2006</subfield>
   <subfield code="y">23</subfield>
  </datafield>
  <datafield tag="852" ind1=" " ind2=" ">
   <subfield code="a">INST</subfield>
   <subfield code="b">UNIPILB</subfield>
   <subfield code="c">SERIALS</subfield>
   <subfield code="e">20060823</subfield>
   <subfield code="h">Αλφαβητική σειρά</subfield>
   <subfield code="p">52369</subfield>
   <subfield code="q">52369</subfield>
   <subfield code="t">NOLOAN</subfield>
   <subfield code="v">τεύχ.230:(Μήνας)Ιούνιος;(Έτος)2006</subfield>
   <subfield code="y">23</subfield>
  </datafield>
  <datafield tag="852" ind1=" " ind2=" ">
   <subfield code="a">INST</subfield>
   <subfield code="b">UNIPILB</subfield>
   <subfield code="c">SERIALS</subfield>
   <subfield code="e">20060919</subfield>
   <subfield code="h">Αλφαβητική σειρά</subfield>
   <subfield code="p">52778</subfield>
   <subfield code="q">52778</subfield>
   <subfield code="t">NOLOAN</subfield>
   <subfield code="v">τεύχ.231:(Μήνες)Ιούλ./Αύγ.;(Έτος)2006</subfield>
   <subfield code="y">23</subfield>
  </datafield>
  <datafield tag="852" ind1=" " ind2=" ">
   <subfield code="a">INST</subfield>
   <subfield code="b">UNIPILB</subfield>
   <subfield code="c">SERIALS</subfield>
   <subfield code="e">20061030</subfield>
   <subfield code="h">Αλφαβητική σειρά</subfield>
   <subfield code="p">53319</subfield>
   <subfield code="q">53319</subfield>
   <subfield code="t">NOLOAN</subfield>
   <subfield code="v">τεύχ.232:(Μήνας)Σεπτέμβριος;(Έτος)2006</subfield>
   <subfield code="y">23</subfield>
  </datafield>
  <datafield tag="852" ind1=" " ind2=" ">
   <subfield code="a">INST</subfield>
   <subfield code="b">UNIPILB</subfield>
   <subfield code="c">SERIALS</subfield>
   <subfield code="e">20061120</subfield>
   <subfield code="h">Αλφαβητική σειρά</subfield>
   <subfield code="p">53687</subfield>
   <subfield code="q">53687</subfield>
   <subfield code="t">NOLOAN</subfield>
   <subfield code="v">τεύχ.233:(Μήνας)Οκτώβριος;(Έτος)2006</subfield>
   <subfield code="y">23</subfield>
  </datafield>
  <datafield tag="852" ind1=" " ind2=" ">
   <subfield code="a">INST</subfield>
   <subfield code="b">UNIPILB</subfield>
   <subfield code="c">SERIALS</subfield>
   <subfield code="e">20070202</subfield>
   <subfield code="h">Αλφαβητική σειρά</subfield>
   <subfield code="p">54530</subfield>
   <subfield code="q">54530</subfield>
   <subfield code="t">NOLOAN</subfield>
   <subfield code="v">τεύχ.235:(Μήνας)Δεκέμβριος;(Έτος)2006</subfield>
   <subfield code="y">23</subfield>
  </datafield>
  <datafield tag="852" ind1=" " ind2=" ">
   <subfield code="a">INST</subfield>
   <subfield code="b">UNIPILB</subfield>
   <subfield code="c">SERIALS</subfield>
   <subfield code="e">20070314</subfield>
   <subfield code="h">Αλφαβητική σειρά</subfield>
   <subfield code="p">54954</subfield>
   <subfield code="q">54954</subfield>
   <subfield code="t">NOLOAN</subfield>
   <subfield code="v">τεύχ.236:(Μήνας)Ιανουάριος;(Έτος)2007</subfield>
   <subfield code="y">23</subfield>
  </datafield>
  <datafield tag="852" ind1=" " ind2=" ">
   <subfield code="a">INST</subfield>
   <subfield code="b">UNIPILB</subfield>
   <subfield code="c">SERIALS</subfield>
   <subfield code="e">20070411</subfield>
   <subfield code="h">Αλφαβητική σειρά</subfield>
   <subfield code="p">55152</subfield>
   <subfield code="q">55152</subfield>
   <subfield code="t">NOLOAN</subfield>
   <subfield code="v">τεύχ.237:(Μήνας)Φεβρουάριος;(Έτος)2007</subfield>
   <subfield code="y">23</subfield>
  </datafield>
  <datafield tag="852" ind1=" " ind2=" ">
   <subfield code="a">INST</subfield>
   <subfield code="b">UNIPILB</subfield>
   <subfield code="c">SERIALS</subfield>
   <subfield code="e">20070502</subfield>
   <subfield code="h">Αλφαβητική σειρά</subfield>
   <subfield code="p">55533</subfield>
   <subfield code="q">55533</subfield>
   <subfield code="t">NOLOAN</subfield>
   <subfield code="v">τεύχ.238:(Μήνας)Μάρτιος;(Έτος)2007</subfield>
   <subfield code="y">23</subfield>
  </datafield>
  <datafield tag="852" ind1=" " ind2=" ">
   <subfield code="a">INST</subfield>
   <subfield code="b">UNIPILB</subfield>
   <subfield code="c">SERIALS</subfield>
   <subfield code="e">20070523</subfield>
   <subfield code="h">Αλφαβητική σειρά</subfield>
   <subfield code="p">55742</subfield>
   <subfield code="q">55742</subfield>
   <subfield code="t">NOLOAN</subfield>
   <subfield code="v">τεύχ.239:(Μήνας)Απρίλιος;(Έτος)2007</subfield>
   <subfield code="y">23</subfield>
  </datafield>
  <datafield tag="852" ind1=" " ind2=" ">
   <subfield code="a">INST</subfield>
   <subfield code="b">UNIPILB</subfield>
   <subfield code="c">SERIALS</subfield>
   <subfield code="e">20070703</subfield>
   <subfield code="h">Αλφαβητική σειρά</subfield>
   <subfield code="p">56120</subfield>
   <subfield code="q">56120</subfield>
   <subfield code="t">NOLOAN</subfield>
   <subfield code="v">τεύχ.240:(Μήνας)Μάιος;(Έτος)2007</subfield>
   <subfield code="y">23</subfield>
  </datafield>
  <datafield tag="852" ind1=" " ind2=" ">
   <subfield code="a">INST</subfield>
   <subfield code="b">UNIPILB</subfield>
   <subfield code="c">SERIALS</subfield>
   <subfield code="e">20070723</subfield>
   <subfield code="h">Αλφαβητική σειρά</subfield>
   <subfield code="p">56369</subfield>
   <subfield code="q">56369</subfield>
   <subfield code="t">NOLOAN</subfield>
   <subfield code="v">τεύχ.241:(Μήνας)Ιούνιος;(Έτος)2007</subfield>
   <subfield code="y">23</subfield>
  </datafield>
  <datafield tag="852" ind1=" " ind2=" ">
   <subfield code="a">INST</subfield>
   <subfield code="b">UNIPILB</subfield>
   <subfield code="c">SERIALS</subfield>
   <subfield code="e">20071010</subfield>
   <subfield code="h">Αλφαβητική σειρά</subfield>
   <subfield code="p">57522</subfield>
   <subfield code="q">57522</subfield>
   <subfield code="t">NOLOAN</subfield>
   <subfield code="v">τεύχ.242:(Μήνες)Ιούλ./Αύγ.;(Έτος)2007</subfield>
   <subfield code="y">23</subfield>
  </datafield>
  <datafield tag="852" ind1=" " ind2=" ">
   <subfield code="a">INST</subfield>
   <subfield code="b">UNIPILB</subfield>
   <subfield code="c">SERIALS</subfield>
   <subfield code="e">20071030</subfield>
   <subfield code="h">Αλφαβητική σειρά</subfield>
   <subfield code="p">57989</subfield>
   <subfield code="q">57989</subfield>
   <subfield code="t">NOLOAN</subfield>
   <subfield code="v">τεύχ.243:(Μήνας)Σεπτέμβριος;(Έτος)2007</subfield>
   <subfield code="y">23</subfield>
  </datafield>
  <datafield tag="852" ind1=" " ind2=" ">
   <subfield code="a">INST</subfield>
   <subfield code="b">UNIPILB</subfield>
   <subfield code="c">SERIALS</subfield>
   <subfield code="e">20071203</subfield>
   <subfield code="h">Αλφαβητική σειρά</subfield>
   <subfield code="p">58771</subfield>
   <subfield code="q">58771</subfield>
   <subfield code="t">NOLOAN</subfield>
   <subfield code="v">τεύχ.244:(Μήνας)Οκτώβριος;(Έτος)2007</subfield>
   <subfield code="y">23</subfield>
  </datafield>
  <datafield tag="852" ind1=" " ind2=" ">
   <subfield code="a">INST</subfield>
   <subfield code="b">UNIPILB</subfield>
   <subfield code="c">SERIALS</subfield>
   <subfield code="e">20080108</subfield>
   <subfield code="h">Αλφαβητική σειρά</subfield>
   <subfield code="p">59277</subfield>
   <subfield code="q">59277</subfield>
   <subfield code="t">NOLOAN</subfield>
   <subfield code="v">τεύχ.245:(Μήνας)Νοέμβριος;(Έτος)2007</subfield>
   <subfield code="y">23</subfield>
  </datafield>
  <datafield tag="852" ind1=" " ind2=" ">
   <subfield code="a">INST</subfield>
   <subfield code="b">UNIPILB</subfield>
   <subfield code="c">SERIALS</subfield>
   <subfield code="e">20080128</subfield>
   <subfield code="h">Αλφαβητική σειρά</subfield>
   <subfield code="p">59517</subfield>
   <subfield code="q">59517</subfield>
   <subfield code="t">NOLOAN</subfield>
   <subfield code="v">τεύχ.246:(Μήνας)Δεκέμβριος;(Έτος)2007</subfield>
   <subfield code="y">23</subfield>
  </datafield>
  <datafield tag="852" ind1=" " ind2=" ">
   <subfield code="a">INST</subfield>
   <subfield code="b">UNIPILB</subfield>
   <subfield code="c">SERIALS</subfield>
   <subfield code="e">20080306</subfield>
   <subfield code="h">Αλφαβητική σειρά</subfield>
   <subfield code="p">60053</subfield>
   <subfield code="q">60053</subfield>
   <subfield code="t">NOLOAN</subfield>
   <subfield code="v">τεύχ.247:(Μήνας)Ιανουάριος;(Έτος)2008</subfield>
   <subfield code="y">23</subfield>
  </datafield>
  <datafield tag="852" ind1=" " ind2=" ">
   <subfield code="a">INST</subfield>
   <subfield code="b">UNIPILB</subfield>
   <subfield code="c">SERIALS</subfield>
   <subfield code="e">20080404</subfield>
   <subfield code="h">Αλφαβητική σειρά</subfield>
   <subfield code="p">60461</subfield>
   <subfield code="q">60461</subfield>
   <subfield code="t">NOLOAN</subfield>
   <subfield code="v">τεύχ.248:(Μήνας)Φεβρουάριος;(Έτος)2008</subfield>
   <subfield code="y">23</subfield>
  </datafield>
  <datafield tag="852" ind1=" " ind2=" ">
   <subfield code="a">INST</subfield>
   <subfield code="b">UNIPILB</subfield>
   <subfield code="c">SERIALS</subfield>
   <subfield code="e">20080520</subfield>
   <subfield code="h">Αλφαβητική σειρά</subfield>
   <subfield code="p">60620</subfield>
   <subfield code="q">60620</subfield>
   <subfield code="t">NOLOAN</subfield>
   <subfield code="v">τεύχ.249:(Μήνας)Μάρτιος;(Έτος)2008</subfield>
   <subfield code="y">23</subfield>
  </datafield>
  <datafield tag="852" ind1=" " ind2=" ">
   <subfield code="a">INST</subfield>
   <subfield code="b">UNIPILB</subfield>
   <subfield code="c">SERIALS</subfield>
   <subfield code="e">20080611</subfield>
   <subfield code="h">Αλφαβητική σειρά</subfield>
   <subfield code="p">60720</subfield>
   <subfield code="q">60720</subfield>
   <subfield code="t">NOLOAN</subfield>
   <subfield code="v">τεύχ.250:(Μήνας)Απρίλιος;(Έτος)2008</subfield>
   <subfield code="y">23</subfield>
  </datafield>
  <datafield tag="852" ind1=" " ind2=" ">
   <subfield code="a">INST</subfield>
   <subfield code="b">UNIPILB</subfield>
   <subfield code="c">SERIALS</subfield>
   <subfield code="e">20080702</subfield>
   <subfield code="h">Αλφαβητική σειρά</subfield>
   <subfield code="p">60907</subfield>
   <subfield code="q">60907</subfield>
   <subfield code="t">NOLOAN</subfield>
   <subfield code="v">τεύχ.251:(Μήνας)Μάιος;(Έτος)2008</subfield>
   <subfield code="y">23</subfield>
  </datafield>
  <datafield tag="852" ind1=" " ind2=" ">
   <subfield code="a">INST</subfield>
   <subfield code="b">UNIPILB</subfield>
   <subfield code="c">SERIALS</subfield>
   <subfield code="e">20080723</subfield>
   <subfield code="h">Αλφαβητική σειρά</subfield>
   <subfield code="p">61163</subfield>
   <subfield code="q">61163</subfield>
   <subfield code="t">NOLOAN</subfield>
   <subfield code="v">τεύχ.252:(Μήνας)Ιούνιος;(Έτος)2008</subfield>
   <subfield code="y">23</subfield>
  </datafield>
  <datafield tag="852" ind1=" " ind2=" ">
   <subfield code="a">INST</subfield>
   <subfield code="b">UNIPILB</subfield>
   <subfield code="c">SERIALS</subfield>
   <subfield code="e">20080930</subfield>
   <subfield code="h">Αλφαβητική σειρά</subfield>
   <subfield code="p">61632</subfield>
   <subfield code="q">61632</subfield>
   <subfield code="t">NOLOAN</subfield>
   <subfield code="v">τεύχ.253:(Μήνες)Ιούλ./Αύγ.;(Έτος)2008</subfield>
   <subfield code="y">23</subfield>
  </datafield>
  <datafield tag="852" ind1=" " ind2=" ">
   <subfield code="a">INST</subfield>
   <subfield code="b">UNIPILB</subfield>
   <subfield code="c">SERIALS</subfield>
   <subfield code="e">20081105</subfield>
   <subfield code="h">Αλφαβητική σειρά</subfield>
   <subfield code="p">61980</subfield>
   <subfield code="q">61980</subfield>
   <subfield code="t">NOLOAN</subfield>
   <subfield code="v">τεύχ.254:(Μήνας)Σεπτέμβριος;(Έτος)2008</subfield>
   <subfield code="y">23</subfield>
  </datafield>
  <datafield tag="852" ind1=" " ind2=" ">
   <subfield code="a">INST</subfield>
   <subfield code="b">UNIPILB</subfield>
   <subfield code="c">SERIALS</subfield>
   <subfield code="e">20081217</subfield>
   <subfield code="h">Αλφαβητική σειρά</subfield>
   <subfield code="p">62271</subfield>
   <subfield code="q">62271</subfield>
   <subfield code="t">NOLOAN</subfield>
   <subfield code="v">τεύχ.255:(Μήνας)Οκτώβριος;(Έτος)2008</subfield>
   <subfield code="y">23</subfield>
  </datafield>
  <datafield tag="852" ind1=" " ind2=" ">
   <subfield code="a">INST</subfield>
   <subfield code="b">UNIPILB</subfield>
   <subfield code="c">SERIALS</subfield>
   <subfield code="e">20090127</subfield>
   <subfield code="h">Αλφαβητική σειρά</subfield>
   <subfield code="p">62573</subfield>
   <subfield code="q">62573</subfield>
   <subfield code="t">NOLOAN</subfield>
   <subfield code="v">τεύχ.256:(Μήνας)Νοέμβριος;(Έτος)2008</subfield>
   <subfield code="y">23</subfield>
  </datafield>
  <datafield tag="852" ind1=" " ind2=" ">
   <subfield code="a">INST</subfield>
   <subfield code="b">UNIPILB</subfield>
   <subfield code="c">SERIALS</subfield>
   <subfield code="e">20090209</subfield>
   <subfield code="h">Αλφαβητική σειρά</subfield>
   <subfield code="p">62787</subfield>
   <subfield code="q">62787</subfield>
   <subfield code="t">NOLOAN</subfield>
   <subfield code="v">τεύχ.257:(Μήνας)Δεκέμβριος;(Έτος)2008</subfield>
   <subfield code="y">23</subfield>
  </datafield>
  <datafield tag="852" ind1=" " ind2=" ">
   <subfield code="a">INST</subfield>
   <subfield code="b">UNIPILB</subfield>
   <subfield code="c">SERIALS</subfield>
   <subfield code="e">20090408</subfield>
   <subfield code="h">Αλφαβητική σειρά</subfield>
   <subfield code="p">63871</subfield>
   <subfield code="q">63871</subfield>
   <subfield code="t">NOLOAN</subfield>
   <subfield code="v">τεύχ.259:(Μήνας)Φεβρουάριος;(Έτος)2009</subfield>
   <subfield code="y">23</subfield>
  </datafield>
  <datafield tag="852" ind1=" " ind2=" ">
   <subfield code="a">INST</subfield>
   <subfield code="b">UNIPILB</subfield>
   <subfield code="c">SERIALS</subfield>
   <subfield code="e">20090408</subfield>
   <subfield code="h">Αλφαβητική σειρά</subfield>
   <subfield code="p">63872</subfield>
   <subfield code="q">63872</subfield>
   <subfield code="t">NOLOAN</subfield>
   <subfield code="v">τεύχ.258:(Μήνας)Ιανουάριος;(Έτος)2009</subfield>
   <subfield code="y">23</subfield>
  </datafield>
  <datafield tag="852" ind1=" " ind2=" ">
   <subfield code="a">INST</subfield>
   <subfield code="b">UNIPILB</subfield>
   <subfield code="c">SERIALS</subfield>
   <subfield code="e">20090512</subfield>
   <subfield code="h">Αλφαβητική σειρά</subfield>
   <subfield code="p">64051</subfield>
   <subfield code="q">64051</subfield>
   <subfield code="t">NOLOAN</subfield>
   <subfield code="v">τεύχ.260:(Μήνας)Μάρτιος;(Έτος)2009</subfield>
   <subfield code="y">23</subfield>
  </datafield>
  <datafield tag="852" ind1=" " ind2=" ">
   <subfield code="a">INST</subfield>
   <subfield code="b">UNIPILB</subfield>
   <subfield code="c">SERIALS</subfield>
   <subfield code="e">20090618</subfield>
   <subfield code="h">Αλφαβητική σειρά</subfield>
   <subfield code="p">64233</subfield>
   <subfield code="q">64233</subfield>
   <subfield code="t">NOLOAN</subfield>
   <subfield code="v">τεύχ.261:(Μήνας)Απρίλιος;(Έτος)2009</subfield>
   <subfield code="y">23</subfield>
  </datafield>
  <datafield tag="852" ind1=" " ind2=" ">
   <subfield code="a">INST</subfield>
   <subfield code="b">UNIPILB</subfield>
   <subfield code="c">SERIALS</subfield>
   <subfield code="e">20090701</subfield>
   <subfield code="h">Αλφαβητική σειρά</subfield>
   <subfield code="p">64336</subfield>
   <subfield code="q">64336</subfield>
   <subfield code="t">NOLOAN</subfield>
   <subfield code="v">τεύχ.262:(Μήνας)Μάιος;(Έτος)2009</subfield>
   <subfield code="y">23</subfield>
  </datafield>
  <datafield tag="852" ind1=" " ind2=" ">
   <subfield code="a">INST</subfield>
   <subfield code="b">UNIPILB</subfield>
   <subfield code="c">SERIALS</subfield>
   <subfield code="e">20090922</subfield>
   <subfield code="h">Αλφαβητική σειρά</subfield>
   <subfield code="p">64714</subfield>
   <subfield code="q">64714</subfield>
   <subfield code="t">NOLOAN</subfield>
   <subfield code="v">τεύχ.263:(Μήνας)Ιούνιος;(Έτος)2009</subfield>
   <subfield code="y">23</subfield>
  </datafield>
  <datafield tag="852" ind1=" " ind2=" ">
   <subfield code="a">INST</subfield>
   <subfield code="b">UNIPILB</subfield>
   <subfield code="c">SERIALS</subfield>
   <subfield code="e">20090922</subfield>
   <subfield code="h">Αλφαβητική σειρά</subfield>
   <subfield code="p">64715</subfield>
   <subfield code="q">64715</subfield>
   <subfield code="t">NOLOAN</subfield>
   <subfield code="v">τεύχ.264:(Μήνες)Ιούλ./Αύγ.;(Έτος)2009</subfield>
   <subfield code="y">23</subfield>
  </datafield>
  <datafield tag="852" ind1=" " ind2=" ">
   <subfield code="a">INST</subfield>
   <subfield code="b">UNIPILB</subfield>
   <subfield code="c">SERIALS</subfield>
   <subfield code="e">20091111</subfield>
   <subfield code="h">Αλφαβητική σειρά</subfield>
   <subfield code="p">65369</subfield>
   <subfield code="q">65369</subfield>
   <subfield code="t">NOLOAN</subfield>
   <subfield code="v">τεύχ.265:(Μήνας)Σεπτέμβριος;(Έτος)2009</subfield>
   <subfield code="y">23</subfield>
  </datafield>
  <datafield tag="852" ind1=" " ind2=" ">
   <subfield code="a">INST</subfield>
   <subfield code="b">UNIPILB</subfield>
   <subfield code="c">SERIALS</subfield>
   <subfield code="e">20091214</subfield>
   <subfield code="h">Αλφαβητική σειρά</subfield>
   <subfield code="p">65836</subfield>
   <subfield code="q">65836</subfield>
   <subfield code="t">NOLOAN</subfield>
   <subfield code="v">τεύχ.266:(Μήνας)Οκτώβριος;(Έτος)2009</subfield>
   <subfield code="y">23</subfield>
  </datafield>
  <datafield tag="852" ind1=" " ind2=" ">
   <subfield code="a">INST</subfield>
   <subfield code="b">UNIPILB</subfield>
   <subfield code="c">SERIALS</subfield>
   <subfield code="e">20100114</subfield>
   <subfield code="h">Αλφαβητική σειρά</subfield>
   <subfield code="p">66215</subfield>
   <subfield code="q">66215</subfield>
   <subfield code="t">NOLOAN</subfield>
   <subfield code="v">τεύχ.267:(Μήνας)Νοέμβριος;(Έτος)2009</subfield>
   <subfield code="y">23</subfield>
  </datafield>
  <datafield tag="852" ind1=" " ind2=" ">
   <subfield code="a">INST</subfield>
   <subfield code="b">UNIPILB</subfield>
   <subfield code="c">SERIALS</subfield>
   <subfield code="e">20100208</subfield>
   <subfield code="h">Αλφαβητική σειρά</subfield>
   <subfield code="p">66710</subfield>
   <subfield code="q">66710</subfield>
   <subfield code="t">NOLOAN</subfield>
   <subfield code="v">τεύχ.268:(Μήνας)Δεκέμβριος;(Έτος)2009</subfield>
   <subfield code="y">23</subfield>
  </datafield>
  <datafield tag="852" ind1=" " ind2=" ">
   <subfield code="a">INST</subfield>
   <subfield code="b">UNIPILB</subfield>
   <subfield code="c">SERIALS</subfield>
   <subfield code="e">20100316</subfield>
   <subfield code="h">Αλφαβητική σειρά</subfield>
   <subfield code="p">67735</subfield>
   <subfield code="q">67735</subfield>
   <subfield code="t">NOLOAN</subfield>
   <subfield code="v">τεύχ.269:(Μήνας)Ιανουάριος;(Έτος)2010</subfield>
   <subfield code="y">23</subfield>
  </datafield>
  <datafield tag="852" ind1=" " ind2=" ">
   <subfield code="a">INST</subfield>
   <subfield code="b">UNIPILB</subfield>
   <subfield code="c">SERIALS</subfield>
   <subfield code="e">20100419</subfield>
   <subfield code="h">Αλφαβητική σειρά</subfield>
   <subfield code="p">67917</subfield>
   <subfield code="q">67917</subfield>
   <subfield code="t">NOLOAN</subfield>
   <subfield code="v">τεύχ.270:(Μήνας)Φεβρουάριος;(Έτος)2010</subfield>
   <subfield code="y">23</subfield>
  </datafield>
  <datafield tag="852" ind1=" " ind2=" ">
   <subfield code="a">INST</subfield>
   <subfield code="b">UNIPILB</subfield>
   <subfield code="c">SERIALS</subfield>
   <subfield code="e">20100511</subfield>
   <subfield code="h">Αλφαβητική σειρά</subfield>
   <subfield code="p">68044</subfield>
   <subfield code="q">68044</subfield>
   <subfield code="t">NOLOAN</subfield>
   <subfield code="v">τεύχ.271:(Μήνας)Μάρτιος;(Έτος)2010</subfield>
   <subfield code="y">23</subfield>
  </datafield>
  <datafield tag="852" ind1=" " ind2=" ">
   <subfield code="a">INST</subfield>
   <subfield code="b">UNIPILB</subfield>
   <subfield code="c">SERIALS</subfield>
   <subfield code="e">20100610</subfield>
   <subfield code="h">Αλφαβητική σειρά</subfield>
   <subfield code="p">68328</subfield>
   <subfield code="q">68328</subfield>
   <subfield code="t">NOLOAN</subfield>
   <subfield code="v">τεύχ.272:(Μήνας)Απρίλιος;(Έτος)2010</subfield>
   <subfield code="y">23</subfield>
  </datafield>
  <datafield tag="852" ind1=" " ind2=" ">
   <subfield code="a">INST</subfield>
   <subfield code="b">UNIPILB</subfield>
   <subfield code="c">SERIALS</subfield>
   <subfield code="e">20100707</subfield>
   <subfield code="h">Αλφαβητική σειρά</subfield>
   <subfield code="p">69451</subfield>
   <subfield code="q">69451</subfield>
   <subfield code="t">NOLOAN</subfield>
   <subfield code="v">τεύχ.273:(Μήνας)Μάιος;(Έτος)2010</subfield>
   <subfield code="y">23</subfield>
  </datafield>
  <datafield tag="852" ind1=" " ind2=" ">
   <subfield code="a">INST</subfield>
   <subfield code="b">UNIPILB</subfield>
   <subfield code="c">SERIALS</subfield>
   <subfield code="e">20100930</subfield>
   <subfield code="h">Αλφαβητική σειρά</subfield>
   <subfield code="p">69911</subfield>
   <subfield code="q">69911</subfield>
   <subfield code="t">NOLOAN</subfield>
   <subfield code="v">τεύχ.275:(Μήνες)Ιούλ./Αύγ.;(Έτος)2010</subfield>
   <subfield code="y">23</subfield>
  </datafield>
  <datafield tag="852" ind1=" " ind2=" ">
   <subfield code="a">INST</subfield>
   <subfield code="b">UNIPILB</subfield>
   <subfield code="c">SERIALS</subfield>
   <subfield code="e">20101025</subfield>
   <subfield code="h">Αλφαβητική σειρά</subfield>
   <subfield code="p">70400</subfield>
   <subfield code="q">70400</subfield>
   <subfield code="t">NOLOAN</subfield>
   <subfield code="v">τεύχ.274:(Μήνας)Ιούνιος;(Έτος)2010</subfield>
   <subfield code="y">23</subfield>
  </datafield>
  <datafield tag="852" ind1=" " ind2=" ">
   <subfield code="a">INST</subfield>
   <subfield code="b">UNIPILB</subfield>
   <subfield code="c">SERIALS</subfield>
   <subfield code="e">20101115</subfield>
   <subfield code="h">Αλφαβητική σειρά</subfield>
   <subfield code="p">70597</subfield>
   <subfield code="q">70597</subfield>
   <subfield code="t">NOLOAN</subfield>
   <subfield code="v">τεύχ.276:(Μήνας)Σεπτέμβριος;(Έτος)2010</subfield>
   <subfield code="y">23</subfield>
  </datafield>
  <datafield tag="852" ind1=" " ind2=" ">
   <subfield code="a">INST</subfield>
   <subfield code="b">UNIPILB</subfield>
   <subfield code="c">SERIALS</subfield>
   <subfield code="e">20101221</subfield>
   <subfield code="h">Αλφαβητική σειρά</subfield>
   <subfield code="p">70744</subfield>
   <subfield code="q">70744</subfield>
   <subfield code="t">NOLOAN</subfield>
   <subfield code="v">τεύχ.277:(Μήνας)Οκτώβριος;(Έτος)2010</subfield>
   <subfield code="y">23</subfield>
  </datafield>
  <datafield tag="852" ind1=" " ind2=" ">
   <subfield code="a">INST</subfield>
   <subfield code="b">UNIPILB</subfield>
   <subfield code="c">SERIALS</subfield>
   <subfield code="e">20110228</subfield>
   <subfield code="h">Αλφαβητική σειρά</subfield>
   <subfield code="p">71220</subfield>
   <subfield code="q">71220</subfield>
   <subfield code="t">NOLOAN</subfield>
   <subfield code="v">τεύχ.278:(Μήνας)Νοέμβριος;(Έτος)2010</subfield>
   <subfield code="y">23</subfield>
  </datafield>
  <datafield tag="852" ind1=" " ind2=" ">
   <subfield code="a">INST</subfield>
   <subfield code="b">UNIPILB</subfield>
   <subfield code="c">SERIALS</subfield>
   <subfield code="e">20110228</subfield>
   <subfield code="h">Αλφαβητική σειρά</subfield>
   <subfield code="p">71221</subfield>
   <subfield code="q">71221</subfield>
   <subfield code="t">NOLOAN</subfield>
   <subfield code="v">τεύχ.279:(Μήνας)Δεκέμβριος;(Έτος)2010</subfield>
   <subfield code="y">23</subfield>
  </datafield>
  <datafield tag="852" ind1=" " ind2=" ">
   <subfield code="a">INST</subfield>
   <subfield code="b">UNIPILB</subfield>
   <subfield code="c">SERIALS</subfield>
   <subfield code="e">20110406</subfield>
   <subfield code="h">Αλφαβητική σειρά</subfield>
   <subfield code="p">71573</subfield>
   <subfield code="q">71573</subfield>
   <subfield code="t">NOLOAN</subfield>
   <subfield code="v">τεύχ.280:(Μήνας)Ιανουάριος;(Έτος)2011</subfield>
   <subfield code="y">23</subfield>
  </datafield>
  <datafield tag="852" ind1=" " ind2=" ">
   <subfield code="a">INST</subfield>
   <subfield code="b">UNIPILB</subfield>
   <subfield code="c">SERIALS</subfield>
   <subfield code="e">20120110</subfield>
   <subfield code="h">Αλφαβητική σειρά</subfield>
   <subfield code="p">73906</subfield>
   <subfield code="q">73906</subfield>
   <subfield code="t">NOLOAN</subfield>
   <subfield code="v">τεύχ.286:(Μήνες)Ιούλ./Αύγ.;(Έτος)2011</subfield>
   <subfield code="y">23</subfield>
  </datafield>
  <datafield tag="856" ind1="4" ind2="1">
   <subfield code="u">http://www.special-edition.gr</subfield>
  </datafield>
  <datafield tag="900" ind1=" " ind2=" ">
   <subfield code="a">Τχ. 287 (Σεπτέμβριος 2011)</subfield>
   <subfield code="b">Οφειλόμενο</subfield>
   <subfield code="c">13/01/2012</subfield>
  </datafield>
  <datafield tag="900" ind1=" " ind2=" ">
   <subfield code="a">Τχ. 211 (Οκτώβριος 2004)</subfield>
   <subfield code="b">Οφειλόμενο</subfield>
   <subfield code="c">26/01/2005</subfield>
  </datafield>
  <datafield tag="900" ind1=" " ind2=" ">
   <subfield code="a">Τχ. 212 (Νοέμβριος 2004)</subfield>
   <subfield code="b">Οφειλόμενο</subfield>
   <subfield code="c">10/10/2005</subfield>
  </datafield>
  <datafield tag="900" ind1=" " ind2=" ">
   <subfield code="a">Τχ. 214 (Ιανουάριος 2005)</subfield>
   <subfield code="b">Οφειλόμενο</subfield>
   <subfield code="c">28/11/2005</subfield>
  </datafield>
  <datafield tag="900" ind1=" " ind2=" ">
   <subfield code="a">Τχ. 215 (Φεβρουάριος 2005)</subfield>
   <subfield code="b">Οφειλόμενο</subfield>
   <subfield code="c">28/11/2005</subfield>
  </datafield>
  <datafield tag="900" ind1=" " ind2=" ">
   <subfield code="a">Τχ. 216 (Μάρτιος 2005)</subfield>
   <subfield code="b">Οφειλόμενο</subfield>
   <subfield code="c">11/01/2006</subfield>
  </datafield>
  <datafield tag="900" ind1=" " ind2=" ">
   <subfield code="a">Τχ. 218 (Μάιος 2005)</subfield>
   <subfield code="b">Οφειλόμενο</subfield>
   <subfield code="c">20/02/2006</subfield>
  </datafield>
  <datafield tag="900" ind1=" " ind2=" ">
   <subfield code="a">Τχ. 219 (Ιούνιος 2005)</subfield>
   <subfield code="b">Οφειλόμενο</subfield>
   <subfield code="c">01/03/2006</subfield>
  </datafield>
  <datafield tag="900" ind1=" " ind2=" ">
   <subfield code="a">Τχ. 234 (Νοέμβριος 2006)</subfield>
   <subfield code="b">Οφειλόμενο</subfield>
   <subfield code="c">29/04/2007</subfield>
  </datafield>
  <datafield tag="900" ind1=" " ind2=" ">
   <subfield code="a">Τχ. 281 (Φεβρουάριος 2011)</subfield>
   <subfield code="b">Οφειλόμενο</subfield>
   <subfield code="c">06/06/2011</subfield>
  </datafield>
  <datafield tag="900" ind1=" " ind2=" ">
   <subfield code="a">Τχ. 282 (Μάρτιος 2011)</subfield>
   <subfield code="b">Οφειλόμενο</subfield>
   <subfield code="c">13/01/2012</subfield>
  </datafield>
  <datafield tag="900" ind1=" " ind2=" ">
   <subfield code="a">Τχ. 283 (Απρίλιος 2011)</subfield>
   <subfield code="b">Οφειλόμενο</subfield>
   <subfield code="c">13/01/2012</subfield>
  </datafield>
  <datafield tag="900" ind1=" " ind2=" ">
   <subfield code="a">Τχ. 284 (Μάιος 2011)</subfield>
   <subfield code="b">Οφειλόμενο</subfield>
   <subfield code="c">13/01/2012</subfield>
  </datafield>
  <datafield tag="900" ind1=" " ind2=" ">
   <subfield code="a">Τχ. 285 (Ιούνιος 2011)</subfield>
   <subfield code="b">Οφειλόμενο</subfield>
   <subfield code="c">13/01/2012</subfield>
  </datafield>
  <datafield tag="950" ind1=" " ind2=" ">
   <subfield code="a">01/01/2004</subfield>
   <subfield code="c">ΔΩΡΕΑ ΠΕΡΙΟΔΙΚΩΝ</subfield>
   <subfield code="d">56</subfield>
  </datafield>
  <datafield tag="951" ind1=" " ind2=" ">
   <subfield code="a">Τχ. 286 (Ιούλ./Αύγ. 2011)</subfield>
   <subfield code="b">Main run</subfield>
  </datafield>
  <datafield tag="951" ind1=" " ind2=" ">
   <subfield code="a">Τχ.1(Ιαν. 1985) -  (τχ.202(Δεκ. 2003)</subfield>
   <subfield code="b">Main run</subfield>
  </datafield>
  <datafield tag="951" ind1=" " ind2=" ">
   <subfield code="a">Τχ. 203 (Ιανουάριος 2004) - Τχ. 208 (Ιούνιος 2004)</subfield>
   <subfield code="b">Main run</subfield>
  </datafield>
  <datafield tag="951" ind1=" " ind2=" ">
   <subfield code="a">Τχ. 209 (Ιούλ./Αύγ. 2004)</subfield>
   <subfield code="b">Main run</subfield>
  </datafield>
  <datafield tag="951" ind1=" " ind2=" ">
   <subfield code="a">Τχ. 210 (Σεπτέμβριος 2004)</subfield>
   <subfield code="b">Main run</subfield>
  </datafield>
  <datafield tag="951" ind1=" " ind2=" ">
   <subfield code="a">Τχ. 213 (Δεκέμβριος 2004)</subfield>
   <subfield code="b">Main run</subfield>
  </datafield>
  <datafield tag="951" ind1=" " ind2=" ">
   <subfield code="a">Τχ. 217 (Απρίλιος 2005)</subfield>
   <subfield code="b">Main run</subfield>
  </datafield>
  <datafield tag="951" ind1=" " ind2=" ">
   <subfield code="a">Τχ. 220 (Ιούλ./Αύγ. 2005)</subfield>
   <subfield code="b">Main run</subfield>
  </datafield>
  <datafield tag="951" ind1=" " ind2=" ">
   <subfield code="a">Τχ. 221 (Σεπτέμβριος 2005) - Τχ. 230 (Ιούνιος 2006)</subfield>
   <subfield code="b">Main run</subfield>
  </datafield>
  <datafield tag="951" ind1=" " ind2=" ">
   <subfield code="a">Τχ. 231 (Ιούλ./Αύγ. 2006)</subfield>
   <subfield code="b">Main run</subfield>
  </datafield>
  <datafield tag="951" ind1=" " ind2=" ">
   <subfield code="a">Τχ. 232 (Σεπτέμβριος 2006) - Τχ. 233 (Οκτώβριος 2006)</subfield>
   <subfield code="b">Main run</subfield>
  </datafield>
  <datafield tag="951" ind1=" " ind2=" ">
   <subfield code="a">Τχ. 235 (Δεκέμβριος 2006) - Τχ. 241 (Ιούνιος 2007)</subfield>
   <subfield code="b">Main run</subfield>
  </datafield>
  <datafield tag="951" ind1=" " ind2=" ">
   <subfield code="a">Τχ. 242 (Ιούλ./Αύγ. 2007)</subfield>
   <subfield code="b">Main run</subfield>
  </datafield>
  <datafield tag="951" ind1=" " ind2=" ">
   <subfield code="a">Τχ. 243 (Σεπτέμβριος 2007) - Τχ. 252 (Ιούνιος 2008)</subfield>
   <subfield code="b">Main run</subfield>
  </datafield>
  <datafield tag="951" ind1=" " ind2=" ">
   <subfield code="a">Τχ. 253 (Ιούλ./Αύγ. 2008)</subfield>
   <subfield code="b">Main run</subfield>
  </datafield>
  <datafield tag="951" ind1=" " ind2=" ">
   <subfield code="a">Τχ. 254 (Σεπτέμβριος 2008) - Τχ. 263 (Ιούνιος 2009)</subfield>
   <subfield code="b">Main run</subfield>
  </datafield>
  <datafield tag="951" ind1=" " ind2=" ">
   <subfield code="a">Τχ. 264 (Ιούλ./Αύγ. 2009)</subfield>
   <subfield code="b">Main run</subfield>
  </datafield>
  <datafield tag="951" ind1=" " ind2=" ">
   <subfield code="a">Τχ. 265 (Σεπτέμβριος 2009) - Τχ. 274 (Ιούνιος 2010)</subfield>
   <subfield code="b">Main run</subfield>
  </datafield>
  <datafield tag="951" ind1=" " ind2=" ">
   <subfield code="a">Τχ. 275 (Ιούλ./Αύγ. 2010)</subfield>
   <subfield code="b">Main run</subfield>
  </datafield>
  <datafield tag="951" ind1=" " ind2=" ">
   <subfield code="a">Τχ. 276 (Σεπτέμβριος 2010) - Τχ. 280 (Ιανουάριος 2011)</subfield>
   <subfield code="b">Main run</subfield>
  </datafield>
  <datafield tag="952" ind1=" " ind2=" ">
   <subfield code="a">(3)1985, (29-35)1988, (64,68,69)1991, (118,121)1996, (126)1997,(192)2003, (211,212)2004</subfield>
  </datafield>
 </record>
</collection>
